Buildings for the performing arts: a design and development guide. (2nd ed.) (Record no. 77841)

MARC details
000 -LEADER
fixed length control field 01014nam a2200217 a 4500
008 - FIXED-LENGTH DATA ELEMENTS--GENERAL INFORMATION
fixed length control field 100118s2008 ||||||||||||||||| || u
020 ## - INTERNATIONAL STANDARD BOOK NUMBER
International Standard Book Number 9780750668354
050 ## - LIBRARY OF CONGRESS CALL NUMBER
Classification number NA 6821 App
100 ## - MAIN ENTRY--PERSONAL NAME
Personal name Appleton, Ian
245 10 - TITLE STATEMENT
Title Buildings for the performing arts: a design and development guide. (2nd ed.)
Statement of responsibility, etc. By Ian Appleton
250 ## - EDITION STATEMENT
Edition statement 2nd ed.
260 ## - PUBLICATION, DISTRIBUTION, ETC.
Place of publication, distribution, etc. Oxford:
Name of publisher, distributor, etc. Elsevier
Date of publication, distribution, etc. 2008
300 ## - PHYSICAL DESCRIPTION
Extent ix, 283p.: ill.
350 ## -
-- 0.00
650 ## - SUBJECT ADDED ENTRY--TOPICAL TERM
Topical term or geographic name entry element THEATERS--STAGE-STTING AND SCENERY--DESIGN AND CONSTRUCTION
650 ## - SUBJECT ADDED ENTRY--TOPICAL TERM
Topical term or geographic name entry element CENTERS FOR THE PERFORMING ARTS
650 ## - SUBJECT ADDED ENTRY--TOPICAL TERM
Topical term or geographic name entry element CENTERS FOR THE PERFORMING ARTS--DESIGN AND PLANS
650 ## - SUBJECT ADDED ENTRY--TOPICAL TERM
Topical term or geographic name entry element ARCHITECTURAL DESIGN--EVALUATION
995 ## -
-- MAIN LIBRARY OPEN ACCESS
-- 0.00
-- 741116
-- CBU-MAIN LIBRARY (Kitwe)
-- 1
-- 0.00
-- NA 6821 App
-- 1
-- AVAILABLE
-- Mar 30, 2010
-- 741116
-- Main Library Open Access Collection
995 ## -
-- MAIN LIBRARY OPEN ACCESS
-- 0.00
-- 742048
-- CBU-MAIN LIBRARY (Kitwe)
-- 1
-- 0.00
-- NA 6821 App
-- 2
-- AVAILABLE
-- Nov 23, 2010
-- 742048
-- Main Library Open Access Collection
999 ## -
-- 77841
-- 77841
Holdings
Withdrawn status Lost status Source of classification or shelving scheme Damaged status Not for loan Permanent Location Current Location Shelving location Date acquired Total Checkouts Full call number Barcode Date last seen Copy number Price effective from Koha item type Date last checked out
          CBU-MAIN LIBRARY, KITWE. CBU-MAIN LIBRARY, KITWE.   05/03/2023   NA 6821 App 741116 05/03/2023 1 05/03/2023 MONOGRAPH  
          CBU-MAIN LIBRARY, KITWE. CBU-MAIN LIBRARY, KITWE.   05/03/2023 2 NA 6821 App 742048 02/27/2024 2 05/03/2023 MONOGRAPH 02/13/2024